00613 a2200181 4500003000400000005001700004008004100021020001800062040000900080082001800089100003400107245005600141260003800197300000900235942004200244952012800286999001700414OSt20231223134812.0231223b |||||||| |||| 00| 0 eng d a9788181439833 coclc a891.43bSIN/J aSingh, Yogendra Pratap910208 aJAN JAN KE KAVI TULSIDAS /c Yogendra Pratap Singh, aNew Dlhi:bVani Prakashan,c2015. a112p 2ddccBKh891.43iSIN/Jk891.43mSIN/J 00102ddc40708LITaMESbMEScHINd2023-12-23l0o891.43 SIN/Jp43186r2023-12-23 13:49:03v250.00w2023-12-23yBKzGR6R4 c43552d43552